| 000 | 01335nam a2200349 a 4500 | ||
|---|---|---|---|
| 001 | ebr5007867 | ||
| 003 | CaPaEBR | ||
| 006 | m u | ||
| 007 | cr cn||||||||| | ||
| 008 | 010618s2000 enk sb 001 0 eng | ||
| 015 | _aGBA0-Y1532 | ||
| 016 | 7 |
_a0521780225 _2Uk |
|
| 020 | _z0521780225(cased) | ||
| 020 | _z0521785049(pbk.) | ||
| 040 |
_aCaPaEBR _cCaPaEBR |
||
| 035 | _a(OCoLC)56408563 | ||
| 050 | 1 | 4 |
_aHQ1793 _b.A75 2000eb |
| 082 | 0 | 4 |
_a305.420962 _221 |
| 100 | 1 | _aAl-Ali, Nadje Sadig. | |
| 245 | 1 | 0 |
_aSecularism, gender and the state in the Middle East _h[electronic resource] : _bthe Egyptian women's movement / _cNadje Al-Ali. |
| 260 |
_aCambridge : _bCambridge University Press, _c2000. |
||
| 300 | _axv, 264 p. | ||
| 490 | 1 |
_aCambridge Middle East studies ; _v14 |
|
| 504 | _aIncludes bibliographical references and index. | ||
| 533 |
_aElectronic reproduction. _bPalo Alto, Calif. : _cebrary, _d2013. _nAvailable via World Wide Web. _nAccess may be limited to ebrary affiliated libraries. |
||
| 650 | 0 |
_aFeminism _zEgypt. |
|
| 650 | 0 |
_aWomen _zEgypt. |
|
| 655 | 7 |
_aElectronic books. _2local |
|
| 710 | 2 | _aebrary, Inc. | |
| 830 | 0 |
_aCambridge Middle East studies ; _v14. |
|
| 856 | 4 | 0 |
_uhttp://site.ebrary.com/lib/rucke/Doc?id=5007867 _zAn electronic book accessible through the World Wide Web; click to view |
| 999 |
_c5216 _d5216 |
||